| 000 | 01144cam a2200373 a 4500 | ||
|---|---|---|---|
| 001 | 15428987 | ||
| 003 | OSt | ||
| 005 | 20140310184338.0 | ||
| 008 | 080826s2009 nyu c 000 1 eng | ||
| 010 | _a 2008032678 | ||
| 020 | _a9780545040440 | ||
| 020 | _a0545040442 | ||
| 040 |
_aDLC _cDLC _dDLC |
||
| 042 |
_alcac _apcc |
||
| 050 | 0 | 0 |
_aPZ 7 _b.C11165Be 2009 |
| 100 | 1 |
_aCabot, Meg. _924286 |
|
| 245 | 1 | 0 |
_aBest friends and drama queens / _cMeg Cabot. |
| 250 | _a1st ed. | ||
| 260 |
_aNew York : _bScholastic Press, _c2009. |
||
| 300 |
_a202 p. : _c20 cm. |
||
| 490 | 0 |
_aAllie Finkle's rules for girls ; _vbk. 3 |
|
| 521 | 0 | _aG6 | |
| 526 | _c840 | ||
| 650 | 1 |
_aSchools _vFiction. _924287 |
|
| 650 | 1 |
_aRules (Philosophy) _vFiction. _924288 |
|
| 650 | 1 |
_aBehavior _vFiction. _924289 |
|
| 650 | 1 |
_aBest friends _vFiction. _924290 |
|
| 650 | 1 |
_aFriendship _vFiction. _924291 |
|
| 856 | 4 | 2 |
_3Publisher description _uhttp://www.loc.gov/catdir/enhancements/fy1112/2008032678-d.html |
| 906 |
_a7 _bcbc _corignew _d1 _eecip _f20 _gy-gencatlg |
||
| 942 |
_2lcc _cBK-SCHOLAS |
||
| 999 |
_c33777 _d33777 |
||